• 首页
  • 本馆介绍
  • 公告通知
  • 最新文献
  • 馆藏检索
  • 电子资源
  • 读者导购
  • 参考咨询
  • 我的图书馆
  • 登录
  • 详细信息显示
  • 放入我的书架
  • 预约/预借图书
  • 作者相关作品
  • 分类相关作品
  • 丛书相关作品
  • 出版社相关作品

书目信息

  • 表格格式
  • 工作单格式
  • 卡片格式
题名:
川大史学
    
 
作者: 徐波 主编
分册: 第二辑   世界史卷
出版信息: 成都   四川大学出版社  2016
页数: 425页
开本: 21cm
丛书名:
单 册:
中图分类: K0-53 , K107
科图分类:
主题词: 史学--shi xue--文集 , 世界史--shi jie shi--文集
电子资源:
ISBN: 978-7-5614-9864-4
000 01013nam0 22002651 450
001 1752589156
005 20170602161306.0
010    @a978-7-5614-9864-4@dCNY36.00
100    @a20161117d2016 em y0chiy50 ea
101 0  @achi
102    @aCN@b510000
105    @ay z 000yy
106    @ar
200 1  @a川大史学@Achuan da shi xue@h第二辑@i世界史卷@f徐波主编
210    @a成都@c四川大学出版社@d2016
215    @a425页@d21cm
304    @a英文共同题名:Historical studies at Sichuan University collection II: 2006-2016
330    @a本书收录了2006年至2015年这十年来四川大学世界史学科每一位学者的代表作,共计十六篇,包括《两河流域早王朝时期作为地理概念的“苏美尔”》《12世纪拜占庭的秘术特征及其政治运用》《博杜安的整体史观念》《19世纪末美国仲裁主义者的文明观》等。
606 0  @a史学@Ashi xue@j文集
606 0  @a世界史@Ashi jie shi@j文集
690    @aK0-53@v5
690    @aK107@v5
701  0 @a徐波@Axu bo@c(历史,@f1961~)@4主编
801  0 @aCN@bTANG WEI@c20170601
905    @b0971913-7@dK0-53@e116@f5
    
    川大史学.第二辑.世界史卷/徐波主编.-成都:四川大学出版社,2016
    425页;21cm
    
    
    ISBN 978-7-5614-9864-4:CNY36.00
    本书收录了2006年至2015年这十年来四川大学世界史学科每一位学者的代表作,共计十六篇,包括《两河流域早王朝时期作为地理概念的“苏美尔”》《12世纪拜占庭的秘术特征及其政治运用》《博杜安的整体史观念》《19世纪末美国仲裁主义者的文明观》等。
●
相关链接 在E读中查询图书 在五车中查询图书 在当当中查询图书 在豆瓣中查询图书


正题名:川大史学     索取号:K0-53/116         预约/预借

序号 登录号 条形码 馆藏地/架位号 状态 备注
1 0971913   209719134   第二样本阅览室/ [索取号:K0-53/116] 在馆    
2 0971914   209719143   第二借阅区/ [索取号:K0-53/116] 在馆    
3 0971915   209719152   第二借阅区/ [索取号:K0-53/116] 在馆    
4 0971916   209719161   第二借阅区/ [索取号:K0-53/116] 在馆    
5 0971917   209719170   密集书库-史法系/ [索取号:K0-53/116] 在馆    
唐山师范学院图书馆 欢迎您!
大连网信软件有限公司© 版权所有